Bishay Sangbadikataa (Record no. 7585)

MARC details
000 -LEADER
fixed length control field 00564cam a2200217ua 4500
001 - CONTROL NUMBER
control field 8483
005 - DATE AND TIME OF LATEST TRANSACTION
control field 20260515114336.0
008 - FIXED-LENGTH DATA ELEMENTS--GENERAL INFORMATION
fixed length control field 150205n ii |||gr||||Z||||||asm
040 ## - CATALOGING SOURCE
Transcribing agency MAIN
041 ## - LANGUAGE CODE
Language code of text/sound track or separate title asm
082 ## - DEWEY DECIMAL CLASSIFICATION NUMBER
Classification number 070.4
100 ## - MAIN ENTRY--PERSONAL NAME
Personal name Chattopadhyay, Partha,
Relator term Author.
245 ## - TITLE STATEMENT
Title Bishay Sangbadikataa
Statement of responsibility, etc. by Partha Chattopadhyay
250 ## - EDITION STATEMENT
Edition statement 2nd.
260 ## - PUBLICATION, DISTRIBUTION, ETC.
Place of publication, distribution, etc. Guwahati:
Name of publisher, distributor, etc. Bina library,
Date of publication, distribution, etc. 2009.
300 ## - PHYSICAL DESCRIPTION
Extent 360p.
653 ## - INDEX TERM--UNCONTROLLED
Uncontrolled term News media, journalism & publishing
653 ## - INDEX TERM--UNCONTROLLED
Uncontrolled term Journalism
700 ## - ADDED ENTRY--PERSONAL NAME
Personal name Chakraborty, Prasanta,
Relator term Translator.
942 ## - ADDED ENTRY ELEMENTS (KOHA)
Koha item type Books
Holdings
Withdrawn status Lost status Damaged status Not for loan Home library Current library Shelving location Date acquired Total checkouts Full call number Barcode Date last seen Copy number Price effective from Koha item type Date last checked out
        Naharkatiya College Library Naharkatiya College Library General stacks 09/19/2020   070.4 | CHA 17963 09/19/2020 2 09/19/2020 Books  
        Naharkatiya College Library Naharkatiya College Library General stacks 09/19/2020 1 070.4 | CHA 22449 09/02/2021 1 09/19/2020 Books 08/19/2021